| 000 | 00884nac a22002291u 4500 | ||
|---|---|---|---|
| 010 | _a 97072522 | ||
| 020 | _a0395841968 | ||
| 082 | 0 | 0 |
_a658.3 _bMOO |
| 090 |
_c5772 _d5772 |
||
| 100 | _aMoorhead, Gregory. | ||
| 245 | 1 | 0 |
_aOrganizational behavior : _bmanaging people and organizations / _cGregory Moorhead, Ricky W. Griffin. |
| 250 | _a5th ed. | ||
| 260 |
_aBoston : _bHoughton Mifflin,c1998. _cc1998. |
||
| 300 |
_axxiv, 622 p. : _bill. ; _c26 cm. |
||
| 500 | _aDistributer : Al-Ahram. | ||
| 504 | _aIncludes bibliographical references and indexes. | ||
| 511 | _aCatalogued By : Mahitab. | ||
| 650 | 0 | _aOrganizational behavior. | |
| 700 | 1 | _aGriffin, Ricky W. | |
| 856 | 7 |
_3Table of contents _uhttp://lcweb.loc.gov/catdir/toc/97-72522.html |
|
| 942 |
_cBB _k658.3MOO |
||
| 999 |
_c5772 _d5772 |
||